000 00544nam a2200181Ia 4500
008 090124s9999 xx 000 0 und d
082 _b27551
_a1826
100 _aमहाले रमेश
245 _a विज्ञानाची किमया
250 _a1
260 _c1994
300 _a65
600 _aमहाले रमेश
630 _a विज्ञानाची किमया
700 _aमहाले रमेश
730 _a विज्ञानाची किमया
942 _cBOOK
999 _c141016
_d141016